| 000 | 00582nam a2200241 a 4500 | ||
|---|---|---|---|
| 001 | nice12345678 | ||
| 003 | IN_TiNIC | ||
| 005 | 20260116011809.0 | ||
| 008 | 050524s1929 teha grp 000 0 per | ||
| 020 |
_a _c100 |
||
| 082 | 0 | 0 |
_a231 _bLEV |
| 100 | _aLevonian, Lotfi | ||
| 245 | _aIman-Ba-Huda Chist. | ||
| 260 |
_aTehran _bMatba-E-Khawer _c1929 |
||
| 300 | _a22p | ||
| 500 | _aincludes index and biblioraphy | ||
| 505 | 2 | _aHand Written Manuscript | |
| 650 | _aGod-Biblical Teaching | ||
| 700 | 1 | _aLevonian, Lotfi | |
| 902 | _bSRS | ||
| 942 | _cBK | ||
| 999 |
_c4040 _d4040 |
||